les personnages qui apparaissent dans tous les films Harry Potter - Statistiques

Statistiques générales
  • Ce quiz a été pris 708 fois
  • Le résultat moyen est 8 sur 14
Statistiques - réponses
Hint Réponse % Correct
1 Harry Potter
100%
2 Hermione Granger
97%
3 Ron Weasley
95%
6 Severus Rogue
77%
13 Ginny Weasley
69%
5 Rubeus Hagrid
68%
11 Fred Weasley
60%
9 Neville Londubat
58%
12 George Weasley
57%
10 Drago Malefoy
56%
7 Seamus Finnigan
23%
14 Lily Potter
15%
8 Gregory Goyle
13%
4 filius Flitwick
11%
Aucun quiz correspondant
Distribution des résultats
% des personnes avec chaque résultat
Percentile par nombre de réponses
Votre historique - résultats
Vous n’avez pas pris ce quiz